Hướng dẫn kỹ thuật chăn nuôi đà điểu Ostrich

Kaydedildi:
Detaylı Bibliyografya
Müşterek Yazar: Viện chăn nuôi quốc gia
Materyal Türü: Kitap
Dil:Undetermined
Baskı/Yayın Bilgisi: Hà Nội Lao động xã hội 2005
Konular:
Etiketler: Etiketle
Etiket eklenmemiş, İlk siz ekleyin!
Thư viện lưu trữ: Trung tâm Học liệu Trường Đại học Cần Thơ
LEADER 00606nam a2200193Ia 4500
001 CTU_98075
008 210402s9999 xx 000 0 und d
020 |c 12000 
082 |a 636.694 
082 |b V305 
110 |a Viện chăn nuôi quốc gia 
245 0 |a Hướng dẫn kỹ thuật chăn nuôi đà điểu Ostrich 
245 0 |c Viện chăn nuôi quốc gia 
260 |a Hà Nội 
260 |b Lao động xã hội 
260 |c 2005 
650 |a Animal husbandry,Ostriches 
904 |i Tuyến 
980 |a Trung tâm Học liệu Trường Đại học Cần Thơ